Statistics for First 5 Emperors (Julio-Claudians) of Rome

Click here to take the quiz!

General Stats

  • This quiz has been taken 56 times
  • The average score is 5 of 5

Answer Stats

ReignEmperor% Correct
54-68 ADNero
100%
31BC-14 ADAugustus
96%
41-54 ADClaudius I
96%
37-41 ADCaligula
89%
14-37 ADTiberius
81%

Score Distribution

Percentile by Number Answered

Percent of People with Each Score

Your Score History

You have not taken this quiz